000 00388nam a2200133 4500
008 171109b xxu||||| |||| 00| 0 eng d
022 _a01181831
082 _aDPer 613.05 H34 Jul-Nov 2013
245 _aGarcinia.
260 _aPhilippines:
_bMIMS Pte Ltd KDN,
_cc2013.
300 _apage 76:
_billustrations;
_c28 cm.
650 0 _923165
_aHerbs
_xTherapeutic use.
942 _2ddc
_cPER
999 _c7696
_d7696